NONLINEAR OPTICS, MATERIALS AND DEVICES PROCEEDINGS OF THE INFERMATONAL SCHOOL OF MAERIAL SCIENCE AND TECHNOLOGY ERICE SICILY JULY 1-14-1985 (Record no. 582546)

000 -LEADER
fixed length control field 00583nam a22001337a 4500
020 ## - INTERNATIONAL STANDARD BOOK NUMBER
International Standard Book Number 3-540-16260-7
082 ## - DEWEY DECIMAL CLASSIFICATION NUMBER
Classification number 535.2 NON'F
100 ## - MAIN ENTRY--PERSONAL NAME
Personal name OUDER, J. L ,FLYTZANIS, C
9 (RLIN) 77244
245 ## - TITLE STATEMENT
Title NONLINEAR OPTICS, MATERIALS AND DEVICES PROCEEDINGS OF THE INFERMATONAL SCHOOL OF MAERIAL SCIENCE AND TECHNOLOGY ERICE SICILY JULY 1-14-1985
260 ## - PUBLICATION, DISTRIBUTION, ETC.
Place of publication, distribution, etc. TOKYO
Name of publisher, distributor, etc. SPRINGER VERLAG
Date of publication, distribution, etc. 1986
300 ## - PHYSICAL DESCRIPTION
Extent 249P
650 ## - SUBJECT ADDED ENTRY--TOPICAL TERM
Topical term or geographic name entry element OPTICAL BISTBILITY AND INSTABILITIES NONLINEAR OPTICAL MATERIALS ULTRAFAST CHARGE CARRIER DYNAMICS IN SEMICONDUCTORS NONLINEAR OPTICS IN GUIDE STRUCTURE
9 (RLIN) 77245
942 ## - ADDED ENTRY ELEMENTS (KOHA)
Koha item type Book
Holdings
Withdrawn status Lost status Damaged status Not for loan Permanent Location Current Location Shelving location Date acquired Total Checkouts Full call number Barcode Date last seen Price effective from Koha item type
        College of Electrical & Mechanical Engineering (CEME) College of Electrical & Mechanical Engineering (CEME) General Stacks 06/06/2017   535.2 NON'F CEME-21771 06/28/2021 06/28/2021 Book
© 2023 Central Library, National University of Sciences and Technology. All Rights Reserved.